Online
Catalog

Jaime Colson : (Record no. 33538)

MARC details
000 -CABECERA
campo de control de longitud fija 00493nam a2200145 a 4500
001 - NÚMERO DE CONTROL
campo de control 000034047
005 - FECHA Y HORA DE LA ÚLTIMA TRANSACCIÓN
campo de control 20200930070729.0
008 - DATOS DE LONGITUD FIJA--INFORMACIÓN GENERAL
campo de control de longitud fija 110921s1978 sp 000 0 spa d
020 ## - NÚMERO INTERNACIONAL ESTÁNDAR DEL LIBRO
Número Internacional Estándar del Libro 9467-1978
040 ## - FUENTE DE LA CATALOGACIÓN
Centro catalogador/agencia de origen DO-SdBNP
Lengua de catalogación spa
Centro/agencia transcriptor BNPHU
100 1# - ENTRADA PRINCIPAL--NOMBRE DE PERSONA
Nombre de persona Colson, Jaime
Fechas asociadas al nombre 1901-1975.
9 (RLIN) 37723
245 10 - MENCIÓN DE TÍTULO
Título Jaime Colson :
Resto del título memorias de un pintor trashumante : Paris 1924-Santo Domingo 1968 /
Mención de responsabilidad, etc. Jaime Colson.
260 ## - PUBLICACIÓN, DISTRIBUCIÓN, ETC.
Lugar de publicación, distribución, etc. Santo Domingo :
Nombre del editor, distribuidor, etc. Fundación Colson,
Fecha de publicación, distribución, etc. 1978.
300 ## - DESCRIPCIÓN FÍSICA
Extensión 162 p. :
Otras características físicas il., retrs. ;
Dimensiones 29 cm.
Holdings
Estado de retiro Estado de pérdida Restricciones de uso No para préstamo Código de colección Localización permanente Ubicación/localización actual Ubicación en estantería Fecha de adquisición Número de inventario Total de préstamos Signatura topográfica completa Código de barras Fecha visto por última vez Precio válido a partir de Tipo de ítem Koha Número de copia
      Excluido de préstamo Monografías: Libros y Folletos General General Depósito 21.09.2011 LF1   34047-10 25.06.2020 25.06.2020 No se presta  
      Excluido de préstamo Monografías: Libros y Folletos General General Depósito 26.09.2011 LF1   34047-20 25.06.2020 25.06.2020 No se presta e. 2
        Monografías: Libros y Folletos General General Depósito 26.09.2011 LF1   34047-30 25.06.2020 25.06.2020 Préstamo en sala e. 3
        Monografías: Libros y Folletos General General Depósito 21.06.2013 LF1   34047-40 25.06.2020 25.06.2020 Préstamo en sala e. 4
        Monografías: Libros y Folletos General General Depósito 19.02.2015 LF1   34047-50 25.06.2020 25.06.2020 Préstamo en sala e. 5

Powered by Koha